000 00624nam a2200253Ia 4500
003 OSt
005 20220912150359.0
006 a|||||r|||| 00| 0
007 ta
008 220909b |||||||| |||| 00| 0 eng d
024 _a56842
037 _cTextual
040 _aCSL
_beng
_cCSL
041 _aeng
082 _aK99555, H9
100 _aYonge C M
245 0 _aSea shore
260 _aLondon
_bCollins
_c1949
300 _axvi, 311p.
_ccm.
500 _aAppendix 293-296p; Glossary 297-311p
650 _aZoology
942 _hK99555, H9
_cTEXL
_2CC
999 _c46188
_d46188